Statistics for Ближайшие к Беларуси страны

Click here to take the quiz!

General Stats

  • This quiz has been taken 393 times
  • The average score is 16 of 20

Answer Stats

кмстрана% Correct
0Россия
100%
0Украина
100%
0Польша
98%
0Литва
95%
0Латвия
95%
571Германия
92%
157Эстония
89%
470Финляндия
80%
395Чехия
80%
267Словакия
79%
365Румыния
78%
515Швеция
77%
337Молдова
74%
357Венгрия
69%
646Сербия
69%
568Австрия
68%
740Словения
65%
544Дания
55%
715Хорватия
55%
801Босния и
Герцеговина
46%

Score Distribution

Percentile by Number Answered

Percent of People with Each Score

Your Score History

You have not taken this quiz